000 nam a22 a 4500
999 _c27
_d27
003 AKMAL
005 20170413120758.0
008 170413s2003 mm e i 001 0 may
020 _a9676113670 (kkt.) :
_cRM26.10
040 _aAKMAL
082 0 4 _a337.595
_221
090 0 0 _a337.595
_bKER
100 0 _aMahathir Mohamad,
_cTun,
_d1925-
_941
245 1 0 _aKerjasama serantau dan ekonomi digital /
_cucapan pilihan Dr. Mahathir Mohamad /
_ceditor Hashim Makaruddin, penterjemah Rahayu Ibrahim, Suziana Abd. Aziz
260 0 0 _aKuala Lumpur :
_bUtusan Publications & Distributors ,
_c2003
300 0 0 _ax, 179ms. ;
_c25cm.
500 _aMengandungi indeks
500 _aKoleksi Peribadi YABhg. Tun Ahmad Sarji (2100436, 2100535, 2100536, 2100537)
599 _aDALAM PROSES
650 0 _aElectronic commerce
_xEconomic aspects
_998
650 0 _aInformation technology
_xEconomic aspects
_999
651 0 _aMalaysia
_xForeign economic relations
_912
700 0 _aRahayu Ibrahim
_9100
700 0 _aHashim Makaruddin
_958
700 0 _aSuziana Abd. Aziz
_9101
942 _2ddc
_cBOOK